000 00586nam a2200169Ia 4500
008 090711s9999 xx 000 0 und d
082 _b49343
100 _aजादुगार वीरेंद्र
245 _aजादू कला आणि प्रयोग
260 _c1984
300 _a90
600 _aजादुगार वीरेंद्र
630 _aजादू कला आणि प्रयोग
700 _aजादुगार वीरेंद्र
730 _aजादू कला आणि प्रयोग
942 _cBOOK
999 _c290544
_d290544